| 000 | 00963nam a2200289 i 4500 | ||
|---|---|---|---|
| 001 | bgj | ||
| 100 | 1 |
_aHOWELLS, William Dean _d(1837-1920) |
|
| 245 | 1 | 0 |
_aNovels 1875-1886 / _cWilliam Dean Howells ; [edited by] Edwin H. Cady. |
| 250 | _a[3rd print]. | ||
| 260 |
_aNew York : _bLiterary Classics of the United States, _cc. 1982. |
||
| 300 |
_a1217 pp ; _c21 cm. |
||
| 490 | 1 | _aThe Library of America | |
| 505 | _aContents : A Foregone Conclusion ; A Modern Instance ; Indian Summer ; The Rise of Silas Lapham. | ||
| 650 | 9 |
_aAmerican fiction _y19th century |
|
| 700 | 1 |
_aCADY, Edwin H. _eed. |
|
| 740 | 0 | 2 | _aA Foregone Conclusion |
| 740 | 0 | 2 | _aA Modern Instance |
| 740 | 0 | 2 | _aIndian Summer |
| 740 | 0 | 2 | _aThe Rise of Silas Lapham |
| 830 | _aThe Library of America | ||
| 020 | _a0940450046 (pbk, jacket) | ||
| 040 | _cBPK | ||
| 041 | 0 | _aeng | |
| 920 | _a0-940450-04-6 (pbk, jacket) | ||
| 942 | _cKS | ||
| 008 | s uk f |000 0 eng | ||
| 999 |
_c47221 _d47221 |
||
| 856 |
_uhttp://koha.tu.koszalin.pl/cgi-bin/koha/opac-detail.pl?biblionumber=47221 _yKatalog online BPK |
||